000 005090000a22001810004500
003 MACL
005 20151003133013.0
008 151003b xxu||||| |||| 00| 0 eng d
040 _aMACL
_cMACL
041 _aEnglish
082 _a900/RED
100 _aSatyanarayana, Prof A
_913439
245 _aRecent Trends in Historical Studies
_bFestschrift to Professor Ravula Soma Reddy
260 _bResearch India Press
_c2005
_aNew Delhi
350 _a2100
650 _aHistory
_913440
942 _cBK
_k900/RED
_2ddc
999 _c42609
_d42609